All XWP NXT International Champions - Statistics

General Stats
  • This quiz has been taken 8 times
  • The average score is 9 of 11
Answer Stats
Hint Answer % Correct
XWP NXT Take Over: Chicago Abigor
100%
XWP NXT Take Over: London Blake Douglas
86%
XWP NXT Take Over: Orlando Brown Claw
86%
XWP NXT Take Over: New Orleans Brown Claw
86%
XWP NXT Take Over: Dallas CM Puma
86%
XWP NXT Take Over: Frankfurt Sean Avery
86%
XWP NXT Take Over: Holland Adrian Styles
71%
XWP NXT Take Over: Detroit Brian Zane
71%
XWP NXT Take Over: Dublin Demon Spyke
71%
XWP NXT Take Over: Milwaukee Herosta
71%
XWP NXT Take Over: Rumble Tank
71%
No matching quizzes found
Score Distribution
Percent of People with Each Score
Percentile by Number Answered
Your Score History
You have not taken this quiz